| 000 | 01668nam a2200361 a 4500 | ||
|---|---|---|---|
| 001 | ebr10453036 | ||
| 003 | CaPaEBR | ||
| 006 | m u | ||
| 007 | cr cn||||||||| | ||
| 008 | 100407s2011 mauad sb 001 0 eng d | ||
| 010 | _z 2010011991 | ||
| 020 | _z9780262113182 (hardcover : alk. paper) | ||
| 020 | _z9780262289757 (e-book) | ||
| 040 |
_aCaPaEBR _cCaPaEBR |
||
| 035 | _a(OCoLC)707078796 | ||
| 050 | 1 | 4 |
_aQP461 _b.S36 2011eb |
| 082 | 0 | 4 |
_a612.8/5 _222 |
| 100 | 1 |
_aSchnupp, Jan, _d1966- |
|
| 245 | 1 | 0 |
_aAuditory neuroscience _h[electronic resource] : _bmaking sense of sound / _cJan Schnupp, Israel Nelken, and Andrew King. |
| 260 |
_aCambridge, Mass. : _bMIT Press, _cc2011. |
||
| 300 |
_ax, 356 p. : _bill. |
||
| 504 | _aIncludes bibliographical references and index. | ||
| 505 | 0 | _aWhy things sound the way they do -- The ear -- Periodicity and pitch perception : physics, psychophysics, and neural mechanisms -- Hearing speech -- Neural basis of sound localization -- Auditory scene analysis -- Development, learning, and plasticity -- Auditory prostheses : from the lab to the clinic and back again. | |
| 533 |
_aElectronic reproduction. _bPalo Alto, Calif. : _cebrary, _d2011. _nAvailable via World Wide Web. _nAccess may be limited to ebrary affiliated libraries. |
||
| 650 | 0 | _aAuditory perception. | |
| 650 | 0 | _aAuditory pathways. | |
| 650 | 0 | _aHearing. | |
| 655 | 7 |
_aElectronic books. _2local |
|
| 700 | 1 |
_aNelken, Israel, _d1961- |
|
| 700 | 1 |
_aKing, Andrew, _d1959- |
|
| 710 | 2 | _aebrary, Inc. | |
| 856 | 4 | 0 |
_uhttp://site.ebrary.com/lib/rucke/Doc?id=10453036 _zAn electronic book accessible through the World Wide Web; click to view |
| 999 |
_c125165 _d125165 |
||